CRITICAL THINKING READING & WRITING A BRIEF GUIDE TO ARGUMENT / (Record no. 615750)

000 -LEADER
fixed length control field 00423nam a22001457a 4500
020 ## - INTERNATIONAL STANDARD BOOK NUMBER
Qualifying information PB.
040 ## - CATALOGING SOURCE
Transcribing agency FIZZA ISHAQ
082 ## - DEWEY DECIMAL CLASSIFICATION NUMBER
Classification number 808.042
Author Mark SYL
100 ## - MAIN ENTRY--PERSONAL NAME
Personal name BARNET,SYLVAN.
9 (RLIN) 132664
245 ## - TITLE STATEMENT
Title CRITICAL THINKING READING & WRITING A BRIEF GUIDE TO ARGUMENT /
Statement of responsibility, etc. SYLVAN BARNET.
250 ## - EDITION STATEMENT
Edition statement 2ND ED.
260 ## - PUBLICATION, DISTRIBUTION, ETC.
Place of publication, distribution, etc. NEW YORK;
Name of publisher, distributor, etc. BEDFORD BOOKS OF ST.MARTIN,S PRESS,
Date of publication, distribution, etc. 1996.
300 ## - PHYSICAL DESCRIPTION
Extent 342 P. ;
Dimensions 9.1X5.9IN
942 ## - ADDED ENTRY ELEMENTS (KOHA)
Source of classification or shelving scheme
Koha item type Book
Holdings
Withdrawn status Lost status Source of classification or shelving scheme Damaged status Not for loan Permanent Location Current Location Shelving location Date acquired Total Checkouts Full call number Barcode Date last seen Price effective from Koha item type
          NUST Baluchistan Campus (NBC) NUST Baluchistan Campus (NBC) General Stacks 01/01/2026   808.042 SYL QD-935 01/01/2026 01/01/2026 Book
© 2023 Central Library, National University of Sciences and Technology. All Rights Reserved.